000 00879nam a2200265Ia 4500
003 OSt
005 20220918170342.0
006 a|||||r|||| 00| 0
007 ta
008 220917b |||||||| |||| 00| 0 eng d
020 _a9780198798392 (pbk)
_cUKP 25.00
024 _a333,323
037 _b136, 16/02/2018, Better Book Services
_cTextual
040 _aARTS
_cARTS
_beng
041 _2eng
_aeng
082 _aX:77.6, Q5
100 _aAjayi Ibi Ed.
_928492
245 0 _aCapital flight from Africa
_b causes, effects, and policy issues
260 _aOxford
_bOxford University Press UK
_c2017
300 _axvii, 436p.
_ccm.
650 _aECONOMIC POLICY - AFRICA
_928493
700 _a Ndikumana Leonce Ed.
_928494
942 _hX:77.6, Q5
_cTEXL
_2CC
999 _c133753
_d133753